000 00552nam a2200181Ia 4500
999 _c3779
_d3779
003 OSt
005 20200820121500.0
008 190216s9999||||xx |||||||||||||| ||und||
020 _a9788173197352
040 _coclc
082 _a541
_bVIS/C
100 _aViswanathan, B
_94228
245 0 _aCatalysts And Surfaces Characterization Techniques /
_cB Viswanathan ; S Kannan ; R C Deka
260 _bNarosa Pubshing House,
_c2013.
_aNew Delhi:
300 _a400p
650 _aChemistry
942 _cBK
_2ddc
_h541
_iVIS/C
_k541
_mVIS/C